Państwa nordyckie ze stolicami - Statystyki

Ogólne statystyki
  • Ten quiz został rozwiązany 75 321 razy
    1 602 od ostatniego zresetowania
  • Średni wynik to 10 z 10
Statystyki odpowiedzi
Państwa i stolice nordyckie % Poprawnych
Norwegia
99%
Oslo
99%
Szwecja
99%
Dania
98%
Finlandia
98%
Helsinki
97%
Kopenhaga
97%
Islandia
96%
Sztokholm
96%
Reykjavik
93%
Nie znaleziono quizów pasujących do podanych kryteriów
Rozkład punktacji
Procent ludzi z każdym wynikiem
Percentyl według liczby udzielonych odpowiedzi
Twoja historia wyników
Nie rozwiązałeś tego quizu od ostatniego zresetowania